Obálka Náhled e-knihy:
PDF
Pro půjčování e-knih musíte být přihlášeni.
Jak si půjčit online?

Nepríjemné kamarátske drámy Lottie Brooksovej /

Lottie a Daniel spolu oficiálne chodia a všetko sa zdá byť super (až na to, že Amber je čoraz protivnejšia). Toby si dá v novom roku predsavzatie, že chce psa, a Lottie sa s ním výnimočne zhodne. Do ich rodiny tak pribudne nový člen - kríženec kokeršpaniela a pudla Vifon. Je rozkošný, no nemá žiadne...

Celý popis

Uloženo v:
Série:Lottie Brooksová (SK), část 6
Hlavní autor: Kirbyová, Katie (Autor)
Médium: E-kniha
Jazyk:Czech
Vydáno: Praha : Albatros Media Slovakia s.r.o., 2025
Příbuzné jednotky:Z cyklu:: Lottie Brooksová (SK)
Tagy:
Žádné tagy
LEADER 01611nam a22002417i 4500
001 302738
007 ta
008 260514s2025 xr ||||| |||| 00| 0 cze d
020 |a 9788056649862 
044 |a xr 
100 1 |a  Kirbyová, Katie  |4 aut 
245 1 0 |a Nepríjemné kamarátske drámy Lottie Brooksovej /  |c  Kirbyová, Katie 
240 1 0 |a The Majorly Awkward BFF Drama of Lottie Brooks  
264 1 |a Praha :  |b Albatros Media Slovakia s.r.o.,  |c 2025 
300 |a 1 online zdroj (416 stran) 
336 |a text  |b txt  |2 rdacontent 
337 |a bez média  |b n  |2 rdamedia 
338 |a online zdroj  |b cr  |2 rdacarrier 
520 2 |a Lottie a Daniel spolu oficiálne chodia a všetko sa zdá byť super (až na to, že Amber je čoraz protivnejšia). Toby si dá v novom roku predsavzatie, že chce psa, a Lottie sa s ním výnimočne zhodne. Do ich rodiny tak pribudne nový člen - kríženec kokeršpaniela a pudla Vifon. Je rozkošný, no nemá žiadne hygienické návyky. Lottie zisťuje, že jej zostáva málo voľného času a jej kamošky z toho nie sú vôbec nadšené. Ako má Lottie všetkým vyhovieť a zároveň odnaučiť Vifona kakať na koberec?! 
787 0 8 |g 6  |i Z cyklu:  |t Lottie Brooksová (SK) 
910 |a RBIT002 
998 |d 426996  |a https://core.palmknihy.cz/api/books/426996/cover?tesgii  |b https://core.palmknihy.cz/api/books/426996/cover/400?tesgii  |c https://core.palmknihy.cz/api/books/426996/cover/50?tesgii  |e 2031-05-28  |g 416  |i 9788056649862  |k https://core.palmknihy.cz/api/books/426996/preview.pdf  |l   |q 49  |r 1  |s https://www.palmknihy.cz/kniha/426996  |t ebook  |y 2025  |z 1  |v Lottie Brooksová (SK)  |w 6 
999 |d 302736